Tropical Agriculture (Record no. 9049)
[ view plain ]
| 000 -LEADER | |
|---|---|
| fixed length control field | 00464nam a2200145Ia 4500 |
| 022 ## - INTERNATIONAL STANDARD SERIAL NUMBER | |
| ISSN | 0041-3216 |
| 245 #0 - TITLE STATEMENT | |
| Title | Tropical Agriculture |
| 260 ## - PUBLICATION, DISTRIBUTION, ETC. (IMPRINT) | |
| Name of publisher | Imperial College of Tropical Agriculture, Trinidad, West Indies |
| 310 ## - CURRENT PUBLICATION FREQUENCY | |
| Current publication frequency | Q |
| 500 ## - GENERAL NOTE | |
| General note | Ending Volume & Year: 75, 1998 |
| 500 ## - GENERAL NOTE | |
| General note | Missing Volume: 66;55(1-2);59(1,4);61(4);62(3);65(3,4);66;71(3-4) |
| 500 ## - GENERAL NOTE | |
| General note | Starting Volume & Year: 55, 1978 |
| 942 ## - ADDED ENTRY ELEMENTS (KOHA) | |
| Koha item type | Bound Journal |
| Withdrawn status | Lost status | Damaged status | Not for loan | Home library | Current library | Date acquired | Accession Number | Koha item type |
|---|---|---|---|---|---|---|---|---|
| Bound journals | RRII Library | RRII Library | 31/12/2021 | 09008J | Bound Journal |